书目信息 |
| 题名: |
铸造有色合金手册
|
|
| 作者: | 《铸造有色合金手册》编写组编 | |
| 分册: | ||
| 出版信息: | 北京 机械工业出版社 1978 |
|
| 页数: | 793页 | |
| 开本: | 20cm | |
| 丛书名: | ||
| 单 册: | ||
| 中图分类: | TG29-62 | |
| 科图分类: | ||
| 主题词: | 有色金属合金-铸造--手册 , 铸造-有色金属合金--手册 | |
| 电子资源: | ||
| ISBN: | 15033.4348 | |
| 000 | 00647nam0 2200229 450 | |
| 001 | 0178002054 | |
| 005 | 20100712215401.0 | |
| 010 | @a15033.4348@dCNY2.45 | |
| 091 | @a15033.4348 | |
| 100 | @a19950814d1978 em y0chiy0110 ea | |
| 101 | 0 | @achi |
| 102 | @aCN@b110000 | |
| 105 | @ay z 000yy | |
| 106 | @ar | |
| 200 | 1 | @a铸造有色合金手册@9Zhu Zao You Se;Shai He;Ge Jin Shou Ce @f《铸造有色合金手册》编写组编 |
| 210 | @a北京@c机械工业出版社@d1978 | |
| 215 | @a793页@d20cm | |
| 606 | 0 | @a有色金属合金-铸造@x手册 |
| 606 | 0 | @a铸造-有色金属合金@x手册 |
| 690 | @aTG29-62@v3 | |
| 801 | 0 | @aCN@bAzMarc@c20130904 |
| 905 | @aBZT@dTG29@e3@f1@sTG29/3 | |
| 铸造有色合金手册/《铸造有色合金手册》编写组编.-北京:机械工业出版社,1978 |
| 793页;20cm |
| ISBN 15033.4348:CNY2.45 |
| ● |
| 相关链接 |
|
|
|
正题名:铸造有色合金手册
索取号:TG29/3
 
预约/预借
| 序号 | 登录号 | 条形码 | 馆藏地/架位号 | 状态 | 备注 |
| 1 | 2000083253 | 2000083253 | 旧书回溯/ [索取号:TG29/3] | 在馆 |